Los mandarines /

Gespeichert in:
Bibliographische Detailangaben
1. Verfasser: Beauvoir, Simone de (autor)
Format: Buch
Sprache:Spanisch
Veröffentlicht: Argentina : Sudamericana, 1972, c1972
Tags: Tag hinzufügen
Keine Tags, Fügen Sie das erste Tag hinzu!

MARC

LEADER 00000nam^a2200000^a^4500
001 000438961
005 20250526000000.0
009 20260310123259.471
037 |a Acervo ITESO - Biblioteca 
041 |a ESP 
091 |a FHM. 09115 
100 |a Beauvoir, Simone de  |e (autor) 
245 1 4 |a Los mandarines / 
264 4 |a Argentina :  |b Sudamericana,  |c 1972, c1972 
300 |a 695 p. ;  |c 20.0 cm. 
336 |a texto  |b txt  |2 rdacontenido 
337 |a sin mediación  |b n  |2 rdamedio 
338 |a volumen  |b nc  |2 rdasoporte 
649 |a XX 
910 |a Fondo Hugo B. Margáin 
920 |a Impresos - Libros 
930 |a Libros Antiguos y Raros 
940 |a Literatura 
905 |a 126 
901 |a 0500306332  |b IT2  |c LRA  |i D109133  |u 20250526 
902 |a https://opac.biblio.iteso.mx/vufind/Record/000438961